000 00715nam a2200229Ia 4500
003 OSt
005 20260422114757.0
008 220923b |||||||| |||| 00| 0 eng d
020 _a0870237977
037 _cGeneral Book
040 _aRTL
_cRTL
_beng
041 _2eng
_aeng
084 _aY:49(Q:3), N2
_qRTL
245 0 _aFundamentalism in comparative perspective
260 _aAmherst
_bUniversity of Massachusetts Press
_c1992
300 _aviii, 184 p.
_bIncludes bibliographical references and index
500 _aBibliography chapterwise
650 _aCommunalism
700 _akaplan Lawrence
_eEditor
_91235356
942 _hY:49(Q:3), N2
_cGB
_2CC
999 _c477168
_d477168